000 00928nam a2200241 a 4500
001 40892
003 BD-RjUL
005 20211209053307.0
008 160511s 197 bg ||||| |||| 00| 0 ben d
020 _c: TK 8.00
035 _a(BD-RjUL)41008
040 _aBD-RjUL
_bben
_cBD-RjUL
041 _aben
082 _223
_a297.12509
_bRAM 1975
100 _aরহমান, মুহাম্মদ মুজীবুর
_9125868
245 1 0 _aমুহাদ্দিস প্রসংগ /
_cমুহাম্মদ মুজীবুর রহমান
260 _aরাজশাহী :
_bমুহাম্মদ ওবায়দুর রহমান,
_c১৯৭৫
300 _a খণ্ড ;
_c২১ সেমি.
505 0 _aখণ্ড ১--
650 _aহাদীসবেত্তা
_vজীবনি
_9133527
650 _aHadith (Traditionists)
_vBiography
_9133528
942 _2ddc
_cBK
999 _c40892
_d40892